[Event "Híbrido del Sur op U2200 2nd"]
[Site "Tornelo INT"]
[Date "2021.10.08"]
[Round "3"]
[White "Lyon Martinez, Juan Pablo"]
[Black "Caceres Sandoval, Eduardo"]
[Result "1-0"]
[WhiteElo "1850"]
[BlackElo "1715"]
[PlyCount "107"]
[EventDate "2021.10.08"]
[EventType "swiss"]
[EventRounds "6"]
[EventCountry "VEN"]
[SourceTitle "EXT 2023"]
[Source "ChessBase"]
[SourceDate "2022.10.05"]
[SourceVersion "1"]
[SourceVersionDate "2022.10.05"]
[SourceQuality "1"]

1. e4 c5 2. c3 d5 3. exd5 Qxd5 4. d4 Nc6 5. Nf3 Bg4 6. Be2 e6 7. h3 Bh5 8. 0-0 Nf6 9. Na3 Rc8 10. Nc2 Be7 11. Be3 cxd4 12. Nfxd4 Bxe2 13. Qxe2 Nxd4 14. Bxd4 0-0 15. Bxa7 Ra8 16. Bd4 Rxa2 17. Bxf6 Rxa1 18. Bxe7 Rxf1+ 19. Qxf1 Re8 20. Ba3 Rd8 21. Nd4 e5 22. Nf5 Qd1 23. Qxd1 Rxd1+ 24. Kh2 Rd7 25. c4 f6 26. Nd6 g6 27. c5 Kg7 28. b4 f5 29. Bb2 Kf6 30. f4 Ke6 31. Bxe5 Kd5 32. Kg3 Kc6 33. Kh4 h6 34. g4 fxg4 35. hxg4 Kd5 36. Nc8 Rf7 37. Bd6 Rg7 38. b5 g5+ 39. fxg5 Rxg5 40. c6 bxc6 41. b6 Ke6 42. b7 Rb5 43. b8Q Rxb8 44. Bxb8 Kf7 45. Na7 c5 46. Bd6 c4 47. Nb5 Kg6 48. Bf4 Kg7 49. Kh5 Kh7 50. Bxh6 Kh8 51. Kg6 Kg8 52. Bg7 c3 53. Nc7 c2 54. Nd5 1-0

[Event "Híbrido del Sur op U2200 2nd"]
[Site "Tornelo INT"]
[Date "2021.10.08"]
[Round "5"]
[White "Rondon Chacon, Rene Ibrahim"]
[Black "Lyon Martinez, Juan Pablo"]
[Result "1-0"]
[WhiteElo "2071"]
[BlackElo "1850"]
[PlyCount "31"]
[EventDate "2021.10.08"]
[EventType "swiss"]
[EventRounds "6"]
[EventCountry "VEN"]
[SourceTitle "EXT 2023"]
[Source "ChessBase"]
[SourceDate "2022.10.05"]
[SourceVersion "1"]
[SourceVersionDate "2022.10.05"]
[SourceQuality "1"]

1. e4 e6 2. d4 d5 3. Nc3 dxe4 4. Nxe4 Be7 5. Nf3 Nd7 6. g4 Ngf6 7. Nxf6+ Nxf6 8. g5 Nd5 9. Bd3 Bd7 10. Ne5 Bxg5 11. Qh5 g6 12. Qxg5 f6 13. Bxg6+ hxg6 14. Qxg6+ Ke7 15. Qg7+ Kd6 16. Nf7+ 1-0

[Event "Híbrido del Sur op U2200 2nd"]
[Site "Tornelo INT"]
[Date "2021.10.08"]
[Round "2"]
[White "Vasquez Vargas, Henry Richard"]
[Black "Lyon Martinez, Juan Pablo"]
[Result "1/2-1/2"]
[WhiteElo "2011"]
[BlackElo "1850"]
[PlyCount "123"]
[EventDate "2021.10.08"]
[EventType "swiss"]
[EventRounds "6"]
[EventCountry "VEN"]
[SourceTitle "EXT 2023"]
[Source "ChessBase"]
[SourceDate "2022.10.05"]
[SourceVersion "1"]
[SourceVersionDate "2022.10.05"]
[SourceQuality "1"]

1. d4 Nf6 2. c4 e6 3. g3 c5 4. dxc5 Bxc5 5. Bg2 Nc6 6. Nc3 0-0 7. e3 Bb4 8. Nge2 d5 9. cxd5 Nxd5 10. Qc2 e5 11. 0-0 Nxc3 12. Nxc3 Be6 13. Rd1 Qa5 14. Bd2 Rfd8 15. a3 Bxc3 16. Bxc3 Qb5 17. Rxd8+ Rxd8 18. Rd1 f6 19. Be4 Rxd1+ 20. Qxd1 Qc5 21. Bxh7+ Kxh7 22. Qh5+ Kg8 23. Qe8+ Kh7 24. Qxe6 b5 25. e4 a5 26. Qd5 Qb6 27. b4 axb4 28. axb4 Ne7 29. Qd7 Ng6 30. Bd2 Nf8 31. Qd5 Ne6 32. Be3 Qa6 33. Kg2 Nc7 34. Qd7 Ne6 35. Bc5 Ng5 36. h4 Ne6 37. h5 Ng5 38. Qe8 Qb7 39. f3 Qf7 40. Qxb5 Qxh5 41. Qf1 Qe8 42. Be3 Nf7 43. b5 Nd6 44. b6 Qc6 45. Qb1 Nb7 46. Bf2 g5 47. Qb4 g4 48. fxg4 Nd6 49. Kf3 Kg6 50. Bc5 Nb7 51. Be3 Nd6 52. b7 Nxb7 53. Qf8 Qd7 54. Qh6+ Kf7 55. g5 Qd1+ 56. Kf2 Qc2+ 57. Kf1 Qd1+ 58. Kf2 Qc2+ 59. Ke1 Qb1+ 60. Ke2 Qc2+ 61. Kf1 Qd1+ 62. Kf2 1/2-1/2

[Event "Pan American-ch Hybrid U16 31st"]
[Site "Tornelo INT"]
[Date "2021.09.04"]
[Round "4"]
[White "Gonzalez De la Guardia, Luis Emilio"]
[Black "Lyon Martinez, Juan Pablo"]
[Result "1-0"]
[WhiteElo "1611"]
[BlackElo "1847"]
[PlyCount "65"]
[EventDate "2021.09.04"]
[EventType "swiss"]
[EventRounds "9"]
[EventCountry "NET"]
[SourceTitle "EXT 2023"]
[Source "ChessBase"]
[SourceDate "2022.10.05"]
[SourceVersion "1"]
[SourceVersionDate "2022.10.05"]
[SourceQuality "1"]

1. e4 e6 2. d4 d5 3. Nd2 dxe4 4. Nxe4 Be7 5. Nf3 Nd7 6. Bd3 Ngf6 7. Ng3 b6 8. 0-0 0-0 9. Ne5 Bb7 10. f4 c5 11. c3 cxd4 12. cxd4 Nxe5 13. dxe5 Nd5 14. Bd2 Bh4 15. Ne4 f5 16. Nd6 Qd7 17. Rc1 Be7 18. Bb5 Qd8 19. Nxb7 Qb8 20. Bc6 Rc8 21. Nd6 Bxd6 22. exd6 Qxd6 23. Bxa8 Rxa8 24. Bc3 Rd8 25. Be5 Qb4 26. Rc7 Kf8 27. Bxg7+ Kg8 28. Bf6 Rb8 29. Rg7+ Kf8 30. Qh5 Qc5+ 31. Kh1 Qc7 32. Rxc7 Nxc7 33. Qxh7 1-0

[Event "Pan American-ch School U15"]
[Site "Medellin"]
[Date "2019.11.15"]
[Round "6"]
[White "Lopez Ramirez, David Santiago"]
[Black "Lyon Martinez, Juan Pablo"]
[Result "1/2-1/2"]
[WhiteElo "1980"]
[BlackElo "1804"]
[PlyCount "102"]
[EventDate "2019.11.12"]
[EventType "swiss"]
[EventRounds "9"]
[EventCountry "COL"]
[SourceTitle "CBM 193 Extra"]
[Source "ChessBase"]
[SourceDate "2020.01.31"]
[SourceVersion "1"]
[SourceVersionDate "2020.01.31"]
[SourceQuality "1"]

1. e4 e6 2. d4 d5 3. Bd3 dxe4 4. Bxe4 Nf6 5. Bf3 Bd6 6. Ne2 0-0 7. c4 c6 8. Nbc3 Nbd7 9. 0-0 Re8 10. Ng3 Bxg3 11. hxg3 e5 12. Re1 exd4 13. Rxe8+ Qxe8 14. Qxd4 Nf8 15. Be3 Bf5 16. Rd1 Ne6 17. Qe5 Bg4 18. b3 b6 19. Ne4 Bxf3 20. gxf3 Nxe4 21. fxe4 Rd8 22. Rd6 Rxd6 23. Qxd6 c5 24. f4 Qd8 25. Qd5 Kf8 26. f5 Qxd5 27. exd5 Nc7 28. Bf4 Na6 29. a3 Ke8 30. f6 g6 31. Kh2 Kd7 32. Kh3 Nc7 33. Kg4 Ne8 34. Kg5 h5 35. Be5 Nd6 36. Bxd6 Kxd6 37. Kh6 Kd7 38. Kg7 Ke8 39. d6 g5 40. d7+ Kxd7 41. Kxf7 h4 42. gxh4 gxh4 43. Kg8 h3 44. f7 h2 45. f8Q h1Q 46. Qf7+ Kc6 47. Qxa7 Qg1+ 48. Kf8 Qe3 49. b4 Qf4+ 50. Qf7 Qxf7+ 51. Kxf7 b5 1/2-1/2

[Event "VEN-ch U17"]
[Site "Caracas"]
[Date "2019.08.08"]
[Round "4"]
[White "Perez Rivero, Juan Jose"]
[Black "Lyon Martinez, Juan Pablo"]
[Result "1-0"]
[WhiteElo "1803"]
[BlackElo "1816"]
[PlyCount "135"]
[EventDate "2019.08.07"]
[EventType "swiss"]
[EventRounds "9"]
[EventCountry "VEN"]
[SourceTitle "EXT 2020"]
[Source "ChessBase"]
[SourceDate "2019.10.17"]
[SourceVersion "1"]
[SourceVersionDate "2019.10.17"]
[SourceQuality "1"]

1. d4 d5 2. c4 e6 3. Nf3 Nf6 4. g3 Bd6 5. Bg2 Nbd7 6. 0-0 0-0 7. b3 c6 8. Bb2 Ne4 9. Ne5 f6 10. Nxd7 Bxd7 11. f3 Ng5 12. Nc3 f5 13. e4 f4 14. e5 Bb4 15. Ne2 fxg3 16. Nxg3 Nf7 17. f4 Nh6 18. Qh5 Be8 19. Qh3 Kh8 20. cxd5 cxd5 21. Qxe6 Bc6 22. Qh3 Bd2 23. f5 Bb5 24. Rf3 Qg5 25. a4 Bd7 26. e6 Bxe6 27. fxe6 Rxf3 28. Bxf3 Qe3+ 29. Kg2 Qxb3 30. Bc1 Bc3 31. Ra3 Qc2+ 32. Ne2 Bb4 33. Re3 Nf5 34. Re5 Nxd4 35. Bg5 Bd6 36. Re3 Qg6 37. Qg4 Nxf3 38. Kxf3 Qb1 39. Kg2 Rf8 40. Rf3 Rxf3 41. Kxf3 Qf1+ 42. Ke3 Bc5+ 43. Nd4 Qc1+ 44. Kd3 Qc4+ 45. Ke3 Qc1+ 46. Ke2 Qb2+ 47. Bd2 Bb4 48. Qf4 h6 49. Qe3 Kg8 50. Nf5 Qxd2+ 51. Qxd2 Bxd2 52. Kxd2 Kf8 53. Kd3 g6 54. Nxh6 Ke7 55. Kd4 Kxe6 56. Ng4 Kf5 57. Ne3+ Kf4 58. Nxd5+ Kg4 59. Kc5 Kh3 60. Nf4+ Kxh2 61. Nxg6 Kg3 62. Kd6 a6 63. a5 Kg4 64. Kc7 Kf5 65. Kxb7 Kxg6 66. Kxa6 Kf5 67. Kb6 Ke4 68. a6 1-0